Wszystkie sołectwa/dzielnice powiatu tarnogórskiego - Statystyki

Ogólne statystyki
  • Ten quiz został rozwiązany 14 razy
  • Średni wynik to 51 z 76
Statystyki odpowiedzi
Gmina Sołectwo % Poprawnych
Świerklaniec Nakło Śląskie
100%
Świerklaniec Nowe Chechło
100%
Świerklaniec Orzech
100%
Świerklaniec Świerklaniec
100%
Tarnowskie Góry Lasowice
88%
Ożarowice Ossy
88%
Ożarowice Ożarowice
88%
Ożarowice Pyrzowice
88%
Tarnowskie Góry Śródmieście-Centrum
88%
Tarnowskie Góry Strzybnica
88%
Ożarowice Tąpkowice
88%
Tworóg Boruszowice
75%
Tworóg Brynek
75%
Kalety Drutarnia
75%
Tworóg Hanusek
75%
Zbrosławice Kamieniec
75%
Krupski Młyn Krupski Młyn
75%
Zbrosławice Księży Las
75%
Zbrosławice Łubie
75%
Tworóg Mikołeska
75%
Ożarowice Niezdara
75%
Tworóg Nowa Wieś Tworoska
75%
Tarnowskie Góry Opatowice
75%
Krupski Młyn Potępa
75%
Tarnowskie Góry Repty Śląskie
75%
Radzionków Rojca
75%
Tarnowskie Góry Rybna
75%
Tarnowskie Góry Sowice
75%
Tarnowskie Góry Stare Tarnowice
75%
Tworóg Tworóg
75%
Tworóg Wojska
75%
Zbrosławice Zbrosławice
75%
Ożarowice Zendek
75%
Miasteczko Śląskie Żyglin
75%
Miasteczko Śląskie Żyglinek
75%
Tarnowskie Góry Bobrowniki Śląskie-Piekary Rudne
63%
Zbrosławice Boniowice
63%
Miasteczko Śląskie Brynica
63%
Ożarowice Celiny
63%
Zbrosławice Jasiona
63%
Kalety Kalety
63%
Zbrosławice Karchowice
63%
Tworóg Koty
63%
Zbrosławice Łubki
63%
Zbrosławice Miedary
63%
Kalety Miotek
63%
Kalety Mokrus
63%
Tarnowskie Góry Osada Jana
63%
Tworóg Połomia
63%
Zbrosławice Przezchlebie
63%
Zbrosławice Świętoszowice
63%
Tworóg Świniowice
63%
Zbrosławice Szałsza
63%
Zbrosławice Wieszowa
63%
Zbrosławice Zawada
63%
Zbrosławice Ziemięcice
63%
Krupski Młyn Ziętek
63%
Zbrosławice Czekanów
50%
Miasteczko Śląskie Imielów
50%
Kalety Jędrysek
50%
Zbrosławice Kopienica
50%
Kalety Kuczów
50%
Zbrosławice Laryszów
50%
Kalety Lubocz
50%
Tarnowskie Góry Pniowiec
50%
Zbrosławice Ptakowice
50%
Radzionków Radzionków Stary
50%
Miasteczko Śląskie Szyndros
50%
Kalety Truszczyca
50%
Zbrosławice Wilkowice
50%
Kalety Zielona
50%
Miasteczko Śląskie Biebla
38%
Radzionków Buchacz
38%
Miasteczko Śląskie Mieczysko
38%
Miasteczko Śląskie Pasieki
38%
Zbrosławice Jaśkowice
25%
Nie znaleziono quizów pasujących do podanych kryteriów
Rozkład punktacji
Procent ludzi z każdym wynikiem
Percentyl według liczby udzielonych odpowiedzi
Twoja historia wyników
Nie rozwiązałeś tego quizu